| 000 | 01049nam a2200253 a 4500 | ||
|---|---|---|---|
| 003 | MX-MxUPN | ||
| 005 | 20240611102434.0 | ||
| 008 | 991125s1890 mx r 000 0 spa u | ||
| 035 | _aUPN01000013209 | ||
| 040 |
_aMX-MxUPN _bspa _cMX-MxUPN |
||
| 041 | 0 | _aspa | |
| 050 | 4 |
_aLB1653 M6 _bG34 1890 |
|
| 100 | 1 |
_aGarcía Cubas, Antonio, _d1832-1912 _930210 |
|
| 245 | 1 | 0 | _aCurso elemental de geografía universal |
| 250 | _aQuinta edición revisada, corregida y aumentada. | ||
| 260 |
_aMéxico : _bAntigua Imprenta de Murguía, _c1890 |
||
| 300 | _axi, 416 páginas | ||
| 500 | _a"Dispuesto con arreglo á un nuevo método que facilite su enseñanza en los establecimientos de instrucción de la república, y precedido de las nociones indis´pensables de geometría para el estudio de esta ciencia"--portada | ||
| 650 | 4 |
_aGeografía _xEstudio y enseñanza _910181 |
|
| 650 | 4 |
_aGeografía _vLibros de texto _924506 |
|
| 710 | 2 |
_aMuseo Pedagógico Nacional (México) _951335 _epropietario anterior |
|
| 904 |
_aAC _b013210 |
||
| 942 |
_2lcc _cLIBRO |
||
| 999 |
_c13209 _d13209 |
||